Statistics for Cities furthest from their country's capital

Click here to take the quiz!

General Stats

  • This quiz has been taken 56 times
  • The average score is 16 of 40

Answer Stats

DistanceCity% Correct
3696 kmLos Angeles
88%
3923 kmSan Francisco
83%
3740 kmSeattle
83%
3610 kmVancouver
77%
3657 kmSan Diego
75%
1904 kmDallas
73%
1963 kmHouston
71%
2399 kmDenver
69%
7780 kmHonolulu
69%
3092 kmPerth
69%
3186 kmPhoenix
67%
3782 kmPortland
63%
3353 kmLas Vegas
58%
2879 kmCalgary
56%
2840 kmEdmonton
56%
1939 kmManaus
52%
2414 kmÜrümqi
50%
2121 kmAustin
42%
2816 kmNovosibirsk
42%
3821 kmSacramento
42%
2967 kmSalt Lake City
42%
2233 kmSan Antonio
42%
1973 kmHong Kong
35%
2303 kmTijuana
31%
2776 kmEl Paso
27%
2235 kmOmsk
21%
2509 kmSan Juan
15%
3358 kmKrasnoyarsk
13%
2190 kmMexicali
10%
2048 kmNanning
6%
3822 kmStockton
6%
2289 kmHaikou
4%
2082 kmKochi
4%
2430 kmMcAllen
4%
2083 kmMadurai
2%
2096 kmMaoming
2%
1990 kmTiruchirappalli
2%
2152 kmZhanjiang
2%
1959 kmCoimbatore
0%
1981 kmZhuhai
0%

Score Distribution

Percentile by Number Answered

Percent of People with Each Score

Your Score History

You have not taken this quiz